Consonnes de l'alphabet français - Statistiques

Statistiques générales
  • Ce quiz a été pris 338 fois
  • Le résultat moyen est 18 sur 20
Statistiques - réponses
Réponse % Correct
B
94%
C
93%
R
93%
D
92%
L
92%
F
91%
G
91%
H
91%
M
91%
P
91%
T
91%
J
89%
K
89%
Q
88%
N
86%
S
86%
Z
82%
W
81%
V
80%
X
80%
Aucun quiz correspondant
Distribution des résultats
% des personnes avec chaque résultat
Percentile par nombre de réponses
Votre historique - résultats
Vous n’avez pas pris ce quiz